Stav projektového manažmentu v podmienkach Slovenskej a Českej republiky

V súčasnom vyvíjajúcom a neustále sa meniacom dynamickom prostredí je nevyhnutné neustále sledovať aktuálne trendy na základe, ktorých dochádza k rozvoju manažmentu rizík projektu a projektového manažmentu. Na základe získaných poznatkov, tak manažéri môžu zlepšovať úroveň manažmentu rizika v projek...

Full description

Saved in:
Bibliographic Details
Main Author: Masár, Matej
Format: Book Chapter
Language:Slovak
Subjects:
Tags: Add Tag
No Tags, Be the first to tag this record!

MARC

LEADER 00000naa a2200000 4500
001 0248918
005 20221104111758.2
041 0 |a slo 
044 |a SK 
245 1 0 |a Stav projektového manažmentu v podmienkach Slovenskej a Českej republiky  |c Matej Masár 
520 |a V súčasnom vyvíjajúcom a neustále sa meniacom dynamickom prostredí je nevyhnutné neustále sledovať aktuálne trendy na základe, ktorých dochádza k rozvoju manažmentu rizík projektu a projektového manažmentu. Na základe získaných poznatkov, tak manažéri môžu zlepšovať úroveň manažmentu rizika v projektoch, naopak vzdelávajúce inštitúcie ponúkať nové znalosti účastníkom kurzov, či študentom. Analýza stavu projektového manažmentu v podmienkach Slovenskej a Českej republiky. 
610 2 0 |a riadenie projektové 
610 2 0 |a manažment 
610 2 0 |a Slovensko 
610 2 0 |a Česko 
610 2 0 |a riadenie vrcholové 
610 2 0 |a riadenie zmien 
100 1 |a Masár, Matej